Peligroso a cualquier velocidad: los riesgos del diseño en el auto norteamericano
Enregistré dans:
| Auteur principal: | |
|---|---|
| Format: | Livre |
| Langue: | espagnol |
| Publié: |
Buenos Aires
Jorge Alvarez S. A
1967
|
| Édition: | 1a. ed |
| Sujets: | |
| Tags: |
Ajouter un tag
Pas de tags, Soyez le premier à ajouter un tag!
|
MARC
| LEADER | 00000cam a2200000 a 4500 | ||
|---|---|---|---|
| 001 | UCC5813 | ||
| 003 | CL-VaPUC | ||
| 008 | 181031e19670000ag |||||||||||||||||spa|d | ||
| 082 | 0 | 4 | |a 343.078 |b NAD |2 21 |
| 100 | |a Nader, Ralph |e autor |9 376374 | ||
| 245 | 1 | 0 | |a Peligroso a cualquier velocidad: los riesgos del diseño en el auto norteamericano |
| 250 | |a 1a. ed | ||
| 300 | |a 277 p | ||
| 942 | |c BK | ||
| 945 | |d 20181031 17:21:00 |a dcastane | ||
| 260 | |a Buenos Aires |b Jorge Alvarez S. A |c 1967 | ||
| 650 | 7 | |a INDUSTRIA AUTOMOTRIZ |2 CL-VaPUC |9 263734 | |
| 650 | 0 | |a Derecho y legislación |9 255077 | |
| 650 | 0 | |a Juicios |9 327339 | |
| 583 | |a last modification |c 20181031 17:21:00 |k Rodrigo Vera | ||
| 999 | |c 372922 |d 372920 | ||
| 952 | |0 0 |1 0 |3 erb |4 0 |6 343_078000000000000_NAD_1967 |7 0 |8 A |9 490806 |a BIBDER |b BIBDER |e Mateluna Arestizabal, Alfredo Sergio |i 5491738 |o 343.078 NAD 1967 |p 5491738 |r 2023-01-25 |w 2019-11-24 |y BK |z Catalogado en:20181031 |k DER | ||